Mengapa bintang berkelip dan soalan-soalan lain tentang angkasa lepas (Record no. 40659)

MARC details
000 -LEADER
fixed length control field 00756nam a2200253 i 4500
001 - CONTROL NUMBER
control field C2-0131333
003 - CONTROL NUMBER IDENTIFIER
control field PPAK
005 - DATE AND TIME OF LATEST TRANSACTION
control field 20180727122307.0
008 - FIXED-LENGTH DATA ELEMENTS--GENERAL INFORMATION
fixed length control field 971012s1994 my a|||| ||||| | may d
020 ## - INTERNATIONAL STANDARD BOOK NUMBER
International Standard Book Number 9676004766
040 ## - CATALOGING SOURCE
Original cataloging agency PPAK
Language of cataloging eng
Transcribing agency PPAK
Description conventions rda
082 04 - DEWEY DECIMAL CLASSIFICATION NUMBER
Classification number 039.992302
Edition number 23
090 00 - LOCALLY ASSIGNED LC-TYPE CALL NUMBER (OCLC); LOCAL CALL NUMBER (RLIN)
Classification number (OCLC) (R) ; Classification number, CALL (RLIN) (NR) 039.992302
Feature heading STO
Feature heading R
Classification number (OCLC) (R) ; Classification number, CALL (RLIN) (NR) 039.992302
Feature heading STO
Feature heading RK
100 1# - MAIN ENTRY--PERSONAL NAME
Personal name Stott, Carole,
Relator term author
245 10 - TITLE STATEMENT
Title Mengapa bintang berkelip dan soalan-soalan lain tentang angkasa lepas
264 #1 - PRODUCTION, PUBLICATION, DISTRIBUTION, MANUFACTURE, AND COPYRIGHT NOTICE
Place of production, publication, distribution, manufacture Petaling Jaya, Selangor :
Name of producer, publisher, distributor, manufacturer Eastview ,
Date of production, publication, distribution, manufacture, or copyright notice 1994
300 ## - PHYSICAL DESCRIPTION
Extent 32 pages :
Other physical details colour illustrations ;
Dimensions 29 cm
336 ## - CONTENT TYPE
Source rdacontent
Content type term text
337 ## - MEDIA TYPE
Source rdamedia
Media type term unmediated
338 ## - CARRIER TYPE
Source rdacarrier
Carrier type term volume
650 10 - SUBJECT ADDED ENTRY--TOPICAL TERM
Topical term or geographic name entry element Questions and answers
942 ## - ADDED ENTRY ELEMENTS (KOHA)
-- dc
Koha item type Book
Holdings
Withdrawn Not for loan Current library Shelving location Date acquired Full call number Barcode Date last seen Koha item type Total Checkouts
  Not For Loan Perpustakaan Awam Sungai Petani Rujukan Kanak-kanak 12/10/1997 RK 039.992302 STO A00063081 08/05/2018 Book  
  Not For Loan Perpustakaan Awam Sungai Petani Rujukan Kanak-kanak 24/02/2004 RK 039.992302 STO A00436780 08/05/2018 Book  
  Not For Loan Perpustakaan Jitra Rujukan Kanak-kanak 18/05/2004 RK 039.992302 STO A00849600 08/05/2018 Book  
  Not For Loan Perpustakaan Yan Rujukan Kanak-kanak 24/02/2004 RK 039.992302 STO A00163214 29/11/2021 Book